[Event "FIDE World Senior Team Championship 2020"]
[Site "Olympik hotel, Sokolovska 138, Prague"]
[Date "2020.03.07"]
[Round "2.7.3"]
[White "Dekan, Hans"]
[Black "Boudre, Jean-Pierre"]
[Result "0-1"]
[WhiteElo "2099"]
[BlackElo "2263"]
[PlyCount "80"]
[WhiteTeam "GER6"]
[BlackTeam "FRA"]
[EventDate "2020.03.06"]

1. e4 e5 2. Nf3 Nc6 3. Bc4 Nf6 4. d3 Be7 5. O-O O-O 6. Nc3 d6 7. h3 Na5 8. Bb3
Nxb3 9. axb3 c6 10. d4 Qc7 11. Be3 b5 12. b4 a6 13. Qe2 Bb7 14. Bg5 Rfe8 15.
dxe5 dxe5 16. Bxf6 Bxf6 17. Nd1 Be7 18. c3 c5 19. bxc5 Bxc5 20. b4 Bb6 21. Rc1
Rac8 22. Nd2 Qe7 23. Ne3 Qe6 24. Rfd1 Red8 25. Nf5 g6 26. Ne3 Kg7 27. Kh2 Rd7
28. Rc2 Rcd8 29. Nef1 Qf6 30. f3 h5 31. g3 h4 32. Qg2 hxg3+ 33. Qxg3 Rh8 34.
Re1 Rdd8 35. Ne3 Bxe3 36. Rxe3 Bc8 37. Kg1 Rxh3 38. Qg2 Qh4 39. Nf1 Rh8 40. Nh2
Rg3 0-1

[Event "FIDE World Senior Team Championship 2020"]
[Site "Olympik hotel, Sokolovska 138, Prague"]
[Date "2020.03.07"]
[Round "2.7.4"]
[White "Letzelter, Jean-Claude"]
[Black "Staub, Gerhard"]
[Result "0-1"]
[WhiteElo "2128"]
[BlackElo "1986"]
[PlyCount "96"]
[WhiteTeam "FRA"]
[BlackTeam "GER6"]
[EventDate "2020.03.06"]

1. e4 c5 2. Nf3 Nc6 3. d4 cxd4 4. Nxd4 d5 5. Bb5 dxe4 6. Nxc6 Qxd1+ 7. Kxd1 a6
8. Na7+ axb5 9. Nxc8 Rxc8 10. Nc3 Nf6 11. Re1 e6 12. Nxe4 Nxe4 13. Rxe4 Bc5 14.
Be3 Ke7 15. Rc1 f5 16. Bxc5+ Rxc5 17. Rd4 e5 18. Rd3 e4 19. Rd4 Rd8 20. Rxd8
Kxd8 21. c3 Ke7 22. a3 Ke6 23. Kc2 f4 24. Re1 Ke5 25. h4 Rc6 26. Rh1 Rg6 27.
Rh2 f3 28. g3 e3 29. Kd3 e2 30. Rh1 Rd6+ 31. Kc2 Kf5 32. Kc1 Kg4 33. Kc2 g5 34.
hxg5 Kxg5 35. Ra1 Kg4 36. Rh1 h5 37. Rh4+ Kg5 38. Rh1 Rd5 39. Kc1 Kf6 40. Kc2
Ke6 41. Kc1 Kd6 42. Kc2 Kc5 43. Re1 Kc4 44. Rh1 Rg5 45. Rh4+ Kc5 46. Rh1 Rxg3
47. Rxh5+ Kb6 48. Rh6+ Ka7 0-1

[Event "FIDE World Senior Team Championship 2020"]
[Site "Olympik hotel, Sokolovska 138, Prague"]
[Date "2020.03.07"]
[Round "2.8.1"]
[White "Jansa, Vlastimil"]
[Black "Klundt, Klaus"]
[Result "1/2-1/2"]
[WhiteElo "2439"]
[BlackElo "2299"]
[PlyCount "68"]
[WhiteTeam "CZE1"]
[BlackTeam "GER5"]
[EventDate "2020.03.06"]

1. e4 c5 2. Nf3 e6 3. Nc3 Nc6 4. d4 cxd4 5. Nxd4 Qc7 6. g3 a6 7. Bg2 d6 8. O-O
Bd7 9. Re1 Be7 10. Nxc6 Bxc6 11. a4 Nf6 12. a5 O-O 13. Be3 Nd7 14. Na4 Rae8 15.
Nb6 Nxb6 16. Bxb6 Qb8 17. c4 Bd8 18. Bd4 f5 19. Qd2 Qc7 20. b3 Qf7 21. Rad1
fxe4 22. Bxe4 Bxe4 23. Rxe4 Qf5 24. Rf4 Qxa5 25. Bc3 Qb6 26. Qxd6 Rxf4 27. gxf4
Qxd6 28. Rxd6 Bh4 29. Rb6 Re7 30. c5 Kf7 31. c6 bxc6 32. Rxc6 Bf6 33. Bxf6 Kxf6
34. Rxa6 Rb7 1/2-1/2

[Event "FIDE World Senior Team Championship 2020"]
[Site "Olympik hotel, Sokolovska 138, Prague"]
[Date "2020.03.07"]
[Round "2.8.2"]
[White "Kannenberg, Karl-Heinz"]
[Black "Hausner, Ivan"]
[Result "0-1"]
[WhiteElo "2118"]
[BlackElo "2339"]
[PlyCount "120"]
[WhiteTeam "GER5"]
[BlackTeam "CZE1"]
[EventDate "2020.03.06"]

1. d4 Nf6 2. Nf3 g6 3. e3 Bg7 4. Be2 O-O 5. O-O d6 6. c4 Nbd7 7. Nc3 e5 8. b4
Re8 9. a4 e4 10. Nd2 Nf8 11. Ba3 Bf5 12. Rc1 h5 13. Nd5 Nxd5 14. cxd5 Nh7 15.
b5 Nf6 16. Qb3 Bg4 17. Bxg4 hxg4 18. Rc2 Re7 19. Rfc1 Bf8 20. a5 Qd7 21. b6
axb6 22. axb6 cxb6 23. Nc4 Nxd5 24. Bxd6 b5 25. Bxe7 bxc4 26. Rxc4 Bxe7 27. g3
b5 28. Rc6 b4 29. Qc2 Nc3 30. Rc4 Ra2 31. Rxc3 Rxc2 32. R3xc2 b3 33. Rc8+ Kg7
34. Rb8 Qa4 35. Rb7 Bd6 36. Kg2 Qa2 37. Rc6 b2 38. Rxd6 b1=Q 39. Rxb1 Qxb1 40.
Rd5 Qd1 41. Re5 Qf3+ 42. Kg1 Kf8 43. Rc5 Ke7 44. Ra5 Kd6 45. Rc5 f5 46. Rb5 g5
47. Rb1 f4 48. Re1 Kd5 49. exf4 gxf4 50. gxf4 Kxd4 51. f5 Qxf5 52. Re3 Qf4 53.
Rg3 Qxg3+ 54. hxg3 Kd3 55. Kf1 Kd2 56. Kg1 Ke1 57. Kg2 Ke2 58. Kg1 e3 59. fxe3
Kxe3 60. Kg2 Ke2 0-1

[Event "FIDE World Senior Team Championship 2020"]
[Site "Olympik hotel, Sokolovska 138, Prague"]
[Date "2020.03.07"]
[Round "2.8.3"]
[White "Lechtynsky, Jiri"]
[Black "Krauseneck, Peter, Dr."]
[Result "1-0"]
[WhiteElo "2330"]
[BlackElo "2126"]
[PlyCount "130"]
[WhiteTeam "CZE1"]
[BlackTeam "GER5"]
[EventDate "2020.03.06"]

1. Nf3 f5 2. c4 e6 3. d4 Nf6 4. e3 d5 5. Be2 c6 6. O-O Bd6 7. b3 Qe7 8. Bb2 O-O
9. Qc1 Nbd7 10. Ba3 e5 11. Bxd6 Qxd6 12. Nxe5 Nxe5 13. dxe5 Qxe5 14. Nd2 dxc4
15. Bxc4+ Kh8 16. Nf3 Qe7 17. Qb2 Bd7 18. Rfd1 Rad8 19. Qe5 Rde8 20. Qxe7 Rxe7
21. b4 Be6 22. Bxe6 Rxe6 23. Rac1 Re7 24. Nd4 g6 25. a4 f4 26. exf4 Nd5 27. b5
cxb5 28. axb5 Nxf4 29. Kf1 Rd7 30. Nf3 Rfd8 31. Rxd7 Rxd7 32. g3 Ne6 33. Re1
Rd6 34. Ne5 Nd8 35. Nc4 Rd4 36. Re7 Rxc4 37. Re8+ Kg7 38. Rxd8 Rc7 39. b6 axb6
40. Rd6 b5 41. Rb6 Re7 42. f4 Kf7 43. Kf2 Ke8 44. g4 Kd8 45. Rxb5 Kc7 46. Kf3
Kc6 47. Rb1 b5 48. h4 Kc5 49. f5 gxf5 50. gxf5 b4 51. Kf4 Re2 52. f6 Rf2+ 53.
Ke5 Kc4 54. Ke6 Re2+ 55. Kd6 Rd2+ 56. Ke7 Re2+ 57. Kf8 h5 58. f7 Rf2 59. Rg1
Ra2 60. Kg8 Ra8+ 61. f8=Q Rxf8+ 62. Kxf8 b3 63. Kg7 Kc3 64. Kh6 b2 65. Kxh5 1-0

[Event "FIDE World Senior Team Championship 2020"]
[Site "Olympik hotel, Sokolovska 138, Prague"]
[Date "2020.03.07"]
[Round "2.8.4"]
[White "Seibold, Hubert, Dr."]
[Black "Spacek, Petr"]
[Result "0-1"]
[WhiteElo "2123"]
[BlackElo "2333"]
[PlyCount "136"]
[WhiteTeam "GER5"]
[BlackTeam "CZE1"]
[EventDate "2020.03.06"]

1. c4 Nf6 2. g3 e6 3. Bg2 d5 4. Nf3 Be7 5. O-O O-O 6. b3 c5 7. Bb2 Nc6 8. d3 d4
9. e3 e5 10. exd4 exd4 11. Na3 Bg4 12. Qd2 Qd7 13. Nc2 a5 14. Rfe1 Bd6 15. a3
Rad8 16. b4 cxb4 17. axb4 Bxb4 18. Nxb4 axb4 19. Ne5 Qd6 20. Nxc6 bxc6 21. Ra6
Bd7 22. Rc1 Qc5 23. Qf4 Qf5 24. Bxd4 Qxf4 25. gxf4 Bc8 26. Bxf6 gxf6 27. Rxc6
Rxd3 28. Rb6 Rc3 29. Re1 Rxc4 30. Rb1 Rxf4 31. R6xb4 Rxb4 32. Rxb4 Rd8 33. h3
Kg7 34. Kh2 Rd2 35. Kg3 Rd3+ 36. Kh2 Be6 37. Rf4 f5 38. Bf1 Rc3 39. Bg2 Kg6 40.
f3 Kg5 41. Kg3 Rc2 42. h4+ Kf6 43. Rb4 Ke5 44. Rb5+ Kd4 45. Bf1 Rc1 46. Bg2 Rc2
47. Bf1 Bd5 48. Ra5 Rc3 49. Bg2 Ke5 50. Ra4 h6 51. Rf4 Rc1 52. Ra4 Rc3 53. Rf4
Ra3 54. Rb4 h5 55. Rf4 Be4 56. Bf1 Bd5 57. Bg2 Ra8 58. Rb4 f4+ 59. Kh2 Ra2 60.
Kg1 Rc2 61. Ra4 Rb2 62. Ra1 Rd2 63. Re1+ Kd4 64. Re8 Rd1+ 65. Kf2 Rc1 66. Rh8
Rc2+ 67. Kg1 Ke3 68. Rxh5 Rxg2+ 0-1

[Event "FIDE World Senior Team Championship 2020"]
[Site "Olympik hotel, Sokolovska 138, Prague"]
[Date "2020.03.07"]
[Round "2.9.1"]
[White "Uddenfeldt, Dan"]
[Black "Nordstrom, Felix"]
[Result "1/2-1/2"]
[WhiteElo "2320"]
[BlackElo "2091"]
[PlyCount "65"]
[WhiteTeam "SWE1"]
[BlackTeam "SWE2"]
[EventDate "2020.03.06"]

1. Nf3 d5 2. g3 g6 3. Bg2 Bg7 4. d3 e5 5. O-O Ne7 6. e4 O-O 7. Nbd2 c5 8. exd5
Nxd5 9. Nc4 Nc6 10. Re1 Re8 11. a4 h6 12. a5 Rb8 13. Nfd2 Be6 14. Ne4 Bf8 15.
c3 f5 16. Ned2 Bg7 17. Nf3 Bf7 18. Qa4 Qc7 19. Ne3 Rbd8 20. Nxd5 Bxd5 21. Be3
b6 22. axb6 axb6 23. c4 Bxf3 24. Bxf3 Nb4 25. Rad1 Re7 26. Re2 Red7 27. Bg2
Rxd3 28. Rxd3 Nxd3 29. Bd5+ Kh7 30. Bd2 e4 31. Bc3 Ne5 32. Bxe5 Bxe5 33. b4
1/2-1/2

[Event "FIDE World Senior Team Championship 2020"]
[Site "Olympik hotel, Sokolovska 138, Prague"]
[Date "2020.03.07"]
[Round "2.9.3"]
[White "Wahlbom, Magnus"]
[Black "Carlsten, Peter"]
[Result "1/2-1/2"]
[WhiteElo "2176"]
[BlackElo "1922"]
[PlyCount "58"]
[WhiteTeam "SWE1"]
[BlackTeam "SWE2"]
[EventDate "2020.03.06"]

1. e4 c5 2. Nf3 Nc6 3. d4 cxd4 4. Nxd4 g6 5. c4 Nf6 6. Nc3 Nxd4 7. Qxd4 d6 8.
Bg5 Bg7 9. Qd2 O-O 10. Bd3 Qa5 11. O-O Re8 12. a3 Be6 13. b4 Qc7 14. Rac1 a6
15. Kh1 Rac8 16. f4 Qb8 17. Qe2 Bg4 18. Qa2 Bd7 19. f5 gxf5 20. exf5 Ng4 21.
Nd5 f6 22. Bf4 Kf8 23. Nb6 Rcd8 24. c5 Bh6 25. Nxd7+ Rxd7 26. Qe6 Bxf4 27. Rxf4
Ne5 28. Rh4 Kg7 29. Bf1 dxc5 1/2-1/2

[Event "FIDE World Senior Team Championship 2020"]
[Site "Olympik hotel, Sokolovska 138, Prague"]
[Date "2020.03.07"]
[Round "2.9.4"]
[White "Dalling, Peter"]
[Black "Malmdin, Nils-Ake"]
[Result "1/2-1/2"]
[WhiteElo "1817"]
[BlackElo "2168"]
[PlyCount "141"]
[WhiteTeam "SWE2"]
[BlackTeam "SWE1"]
[EventDate "2020.03.06"]

1. e4 c5 2. Nf3 g6 3. Bc4 Bg7 4. Nc3 Nc6 5. O-O d6 6. h3 e6 7. a4 Nge7 8. d3 a6
9. Bf4 h6 10. Qd2 g5 11. Bg3 Ng6 12. Rab1 O-O 13. Rfe1 Kh8 14. Bb3 b6 15. Ne2
d5 16. Red1 f5 17. exd5 exd5 18. c3 f4 19. Bh2 Bf5 20. Bc2 d4 21. cxd4 cxd4 22.
b4 b5 23. axb5 axb5 24. Ra1 Rc8 25. Bb3 h5 26. Ra6 g4 27. Ne1 Bh6 28. Bxf4 Nxf4
29. Nxf4 Qd6 30. g3 Bxf4 31. Qxf4 Qxf4 32. gxf4 gxh3 33. Rda1 Bd7 34. Nc2 Rxf4
35. Ra8 Rg4+ 36. Kh1 Nb8 37. R8a7 Bc6+ 38. Kh2 Rf4 39. Kxh3 Rf3+ 40. Kh2 Rxf2+
41. Kg1 Rg2+ 42. Kf1 Rf8+ 43. Ke1 Rg1+ 44. Ke2 Bf3+ 45. Kd2 Rg2+ 46. Kc1 Nc6
47. Ra8 Kg7 48. Rxf8 Kxf8 49. Ra8+ Ke7 50. Rh8 Kd6 51. Rh6+ Ke5 52. Re6+ Kf4
53. Rf6+ Kg4 54. Be6+ Kg3 55. Ne1 Ne5 56. Nxg2 Bxg2 57. Kc2 h4 58. Rh6 h3 59.
Bxh3 Bxh3 60. Rh5 Nc6 61. Rxb5 Kf4 62. Rb6 Bg2 63. b5 Nb4+ 64. Kd2 Ke5 65. Rb8
Kd6 66. Rf8 Kc5 67. Rf5+ Nd5 68. Rg5 Bf3 69. Rf5 Bg2 70. Rg5 Bf3 71. Rf5
1/2-1/2

[Event "FIDE World Senior Team Championship 2020"]
[Site "Olympik hotel, Sokolovska 138, Prague"]
[Date "2020.03.07"]
[Round "2.10.1"]
[White "Ogaard, Leif"]
[Black "Beilfuss, Wilfried, Dr."]
[Result "1-0"]
[WhiteElo "2362"]
[BlackElo "2205"]
[PlyCount "39"]
[WhiteTeam "NOR1"]
[BlackTeam "GER9"]
[EventDate "2020.03.06"]

1. c4 Nf6 2. Nc3 c5 3. Nf3 e6 4. g3 b6 5. Bg2 Bb7 6. O-O Be7 7. d4 cxd4 8. Qxd4
O-O 9. Rd1 Qc8 10. Bf4 d6 11. Bxd6 Bxd6 12. Qxd6 Qxc4 13. Rac1 Qc6 14. Qe7 Re8
15. Qa3 b5 16. Nd5 Qxd5 17. Rxd5 Bxd5 18. Nd4 Bxg2 19. Kxg2 Nbd7 20. Nxb5 1-0

[Event "FIDE World Senior Team Championship 2020"]
[Site "Olympik hotel, Sokolovska 138, Prague"]
[Date "2020.03.07"]
[Round "2.10.2"]
[White "Becker, Norbert"]
[Black "Heim, Sverre"]
[Result "1/2-1/2"]
[WhiteElo "2107"]
[BlackElo "2316"]
[PlyCount "64"]
[WhiteTeam "GER9"]
[BlackTeam "NOR1"]
[EventDate "2020.03.06"]

1. e4 e6 2. d4 d5 3. Nc3 Nf6 4. Bg5 dxe4 5. Nxe4 Be7 6. Bxf6 gxf6 7. Nf3 a6 8.
g3 b5 9. Bg2 Bb7 10. Qe2 Bd5 11. b3 b4 12. O-O Nd7 13. c4 bxc3 14. Nxc3 c6 15.
Nxd5 cxd5 16. Rac1 O-O 17. Rc6 a5 18. Rfc1 Ra7 19. h4 Nb8 20. R6c3 Bb4 21. R3c2
Ba3 22. Rd1 Rc7 23. h5 Kh8 24. Rdd2 Nc6 25. Qe3 Qe7 26. Bf1 Rfc8 27. Bd3 Nb4
28. Rxc7 Rxc7 29. Rd1 Nxd3 30. Qxd3 Kg7 31. Kg2 Bb4 32. h6+ Kh8 1/2-1/2

[Event "FIDE World Senior Team Championship 2020"]
[Site "Olympik hotel, Sokolovska 138, Prague"]
[Date "2020.03.07"]
[Round "2.10.3"]
[White "Moen, Ole Christian"]
[Black "Mueller, Gerhard"]
[Result "1/2-1/2"]
[WhiteElo "2192"]
[BlackElo "2095"]
[PlyCount "68"]
[WhiteTeam "NOR1"]
[BlackTeam "GER9"]
[EventDate "2020.03.06"]

1. e4 c5 2. Nf3 d6 3. Bb5+ Bd7 4. a4 Nc6 5. O-O Nf6 6. Re1 e6 7. c3 a6 8. Bf1
Be7 9. d4 cxd4 10. cxd4 O-O 11. Nc3 Rc8 12. h3 Na5 13. e5 Ne8 14. d5 Nc4 15.
Bf4 dxe5 16. Nxe5 Nxe5 17. Bxe5 Bf6 18. Qb3 Bxe5 19. Rxe5 Qc7 20. Rae1 Nf6 21.
a5 Rfe8 22. dxe6 Rxe6 23. Rxe6 Bxe6 24. Qb4 Rd8 25. Na4 Bd5 26. Qc5 Rc8 27.
Qxc7 Rxc7 28. Nb6 Bc6 29. b4 Kf8 30. Bc4 Re7 31. Rc1 Rc7 32. Be2 Ne8 33. f4 Bb5
34. Rxc7 Nxc7 1/2-1/2

[Event "FIDE World Senior Team Championship 2020"]
[Site "Olympik hotel, Sokolovska 138, Prague"]
[Date "2020.03.07"]
[Round "2.10.4"]
[White "Thoele, Wolfgang, Dr."]
[Black "Kristiansen, Erling"]
[Result "0-1"]
[WhiteElo "1875"]
[BlackElo "2123"]
[PlyCount "70"]
[WhiteTeam "GER9"]
[BlackTeam "NOR1"]
[EventDate "2020.03.06"]

1. e4 e5 2. Nf3 Nc6 3. Nc3 Nf6 4. d4 exd4 5. Nxd4 Bb4 6. Nxc6 bxc6 7. Bg5 h6 8.
Bd2 Qe7 9. f3 d5 10. Bd3 dxe4 11. Nxe4 Nxe4 12. fxe4 Rb8 13. b3 Bc5 14. Bc3 O-O
15. Qe2 Qg5 16. Bd2 Qe5 17. c3 a5 18. Kd1 Be6 19. Kc2 Rbd8 20. Raf1 Be7 21. Bc4
Bf6 22. Bxe6 Qxe6 23. Rf3 a4 24. c4 axb3+ 25. axb3 Ra8 26. Rb1 Rfe8 27. Bc3
Ra2+ 28. Rb2 Rxb2+ 29. Kxb2 Bxc3+ 30. Kxc3 Qe5+ 31. Kd2 Ra8 32. Rc3 Qd4+ 33.
Qd3 Qf2+ 34. Kd1 Ra1+ 35. Rc1 Qg1+ 0-1

[Event "FIDE World Senior Team Championship 2020"]
[Site "Olympik hotel, Sokolovska 138, Prague"]
[Date "2020.03.07"]
[Round "2.11.1"]
[White "Rooze, Jan"]
[Black "Horvath, Tamas"]
[Result "1-0"]
[WhiteElo "2245"]
[BlackElo "2304"]
[PlyCount "51"]
[WhiteTeam "BEL"]
[BlackTeam "HUN"]
[EventDate "2020.03.06"]

1. c4 c5 2. Nf3 Nf6 3. Nc3 g6 4. e4 d6 5. d4 cxd4 6. Nxd4 Bg7 7. Be2 O-O 8. O-O
Nc6 9. Be3 Bd7 10. Nc2 Qa5 11. h3 Rfc8 12. f4 Qd8 13. Qe1 b6 14. Rd1 Rab8 15.
Qg3 Na5 16. Na3 b5 17. e5 b4 18. exf6 Bxf6 19. Nd5 bxa3 20. Nxf6+ exf6 21. b3
Bf5 22. Bd3 Bxd3 23. Rxd3 Nb7 24. f5 Qf8 25. Bd4 Nc5 26. fxg6 1-0

[Event "FIDE World Senior Team Championship 2020"]
[Site "Olympik hotel, Sokolovska 138, Prague"]
[Date "2020.03.07"]
[Round "2.11.2"]
[White "Hardicsay, Peter"]
[Black "Goormachtigh, Johan"]
[Result "1-0"]
[WhiteElo "2203"]
[BlackElo "2181"]
[PlyCount "185"]
[WhiteTeam "HUN"]
[BlackTeam "BEL"]
[EventDate "2020.03.06"]

1. c4 Nf6 2. Nc3 d5 3. cxd5 Nxd5 4. g3 g6 5. Bg2 Nb6 6. Nf3 Bg7 7. d3 Nc6 8.
Bd2 O-O 9. Qc1 Bg4 10. O-O Qd7 11. Bh6 Rab8 12. Bxg7 Kxg7 13. Re1 Bxf3 14. Bxf3
Nd4 15. Bg2 c6 16. Ne4 Ne6 17. Qc3+ Kg8 18. Rac1 Nd5 19. Qc4 Nb6 20. Qb3 Nd5
21. e3 Qd8 22. d4 Qb6 23. Qc2 Nb4 24. Qb1 a5 25. a3 Na6 26. Nd2 Nac7 27. Nc4
Qa7 28. Red1 Rbd8 29. Qc2 a4 30. Ne5 Nd5 31. Qc4 Rfe8 32. Nd3 Nb6 33. Qc2 Nd5
34. Ne5 Qa5 35. Qe2 Ra8 36. Rc2 Qa6 37. Qd2 Qa5 38. Qc1 Red8 39. Bf1 Qa7 40.
Nd3 Rac8 41. Bh3 Ndc7 42. Rc4 Ra8 43. Qc2 Rd5 44. Bg2 Rdd8 45. Rc1 Nd5 46. Qe2
Nb6 47. R4c2 Nd5 48. h4 Nf6 49. Bh3 Rd6 50. Ne5 h5 51. Nc4 Rd5 52. Bxe6 fxe6
53. Ne5 Kh7 54. Nf7 Kg8 55. Ng5 e5 56. Qd3 Kg7 57. Rc5 exd4 58. Rxd5 Nxd5 59.
Ne6+ Kh7 60. Nxd4 Rf8 61. Rc2 Rf6 62. Qe4 Qb8 63. Ne6 Qd6 64. Ng5+ Kg7 65. Kg2
b5 66. Qd4 e5 67. Qa7+ Qe7 68. Qc5 Qxc5 69. Rxc5 Rd6 70. Ne4 Re6 71. Ng5 Rd6
72. Nf3 Kf6 73. e4 Ne7 74. Nxe5 Rd2 75. Nxc6 Nxc6 76. Rxc6+ Kf7 77. Rb6 Rxb2
78. Kf3 Kg7 79. Ke3 Kf7 80. e5 b4 81. axb4 a3 82. Rf6+ Kg7 83. Ra6 a2 84. Ra7+
Kf8 85. f3 Rb3+ 86. Kf4 Rxb4+ 87. Kg5 Rb3 88. f4 Rxg3+ 89. Kf6 Kg8 90. Rxa2 Rg4
91. Ra4 Rg1 92. e6 Re1 93. Ra8+ 1-0

[Event "FIDE World Senior Team Championship 2020"]
[Site "Olympik hotel, Sokolovska 138, Prague"]
[Date "2020.03.07"]
[Round "2.11.3"]
[White "Van Herck, Marcel"]
[Black "Dory, Jeno"]
[Result "0-1"]
[WhiteElo "2056"]
[BlackElo "2170"]
[PlyCount "58"]
[WhiteTeam "BEL"]
[BlackTeam "HUN"]
[EventDate "2020.03.06"]

1. d4 Nf6 2. c4 e6 3. Nc3 Bb4 4. Qc2 O-O 5. a3 Bxc3+ 6. Qxc3 b6 7. Bg5 Bb7 8.
e3 d6 9. f3 Nbd7 10. Bd3 c5 11. Ne2 Rc8 12. O-O cxd4 13. exd4 d5 14. b3 Ba6 15.
Rac1 dxc4 16. bxc4 Bxc4 17. Bxc4 b5 18. Qb4 bxc4 19. Rxc4 Rxc4 20. Qxc4 Qa5 21.
Bxf6 Nxf6 22. Qc5 Qd2 23. Ng3 Nd5 24. Qxa7 h6 25. Rf2 Qe1+ 26. Nf1 Rc8 27. Qa6
Rc1 28. Qe2 Qc3 29. Qb2 Rxf1+ 0-1

[Event "FIDE World Senior Team Championship 2020"]
[Site "Olympik hotel, Sokolovska 138, Prague"]
[Date "2020.03.07"]
[Round "2.11.4"]
[White "Boguszlavszkij, Jevgenyij"]
[Black "Aragones-Melhem, Georgy"]
[Result "1-0"]
[WhiteElo "2155"]
[BlackElo "2106"]
[PlyCount "151"]
[WhiteTeam "HUN"]
[BlackTeam "BEL"]
[EventDate "2020.03.06"]

1. e4 e5 2. Nc3 Nf6 3. g3 Bc5 4. Bg2 a6 5. Nge2 Nc6 6. O-O h5 7. Nd5 h4 8. c3
hxg3 9. hxg3 Ba7 10. d3 Ng4 11. d4 d6 12. f3 exd4 13. cxd4 Nge5 14. Be3 Nc4 15.
Bf2 Ne7 16. Ne3 d5 17. Nxc4 dxc4 18. d5 c5 19. Qd2 Nc6 20. Qc3 Nd4 21. Nxd4
cxd4 22. Bxd4 O-O 23. Bxa7 Rxa7 24. Qxc4 Qb6+ 25. Rf2 Bd7 26. Rd1 Raa8 27. Qd4
Qg6 28. g4 Rac8 29. e5 Rc7 30. Bf1 Rfc8 31. Bd3 Qg5 32. Qe4 g6 33. e6 fxe6 34.
dxe6 Be8 35. Qd4 Rd8 36. Qe4 Bc6 37. Qe2 Rf8 38. Bc4 Kg7 39. Qd2 Rf4 40. Qc3+
Qf6 41. Bb3 g5 42. Rd3 Re7 43. Kh2 Bb5 44. Qxf6+ Kxf6 45. Rc3 Bc6 46. Kg3 Rd4
47. Rc5 Ba4 48. Rf5+ Kg6 49. Bxa4 Rxa4 50. b3 Rb4 51. Re2 Rb6 52. Ree5 Rexe6
53. Rxg5+ Kh6 54. Rxe6+ Rxe6 55. Rd5 b5 56. b4 Rc6 57. Rd3 Rc4 58. a3 a5 59.
Rd6+ Kg7 60. bxa5 Ra4 61. a6 Rxa3 62. Kf4 b4 63. Rb6 b3 64. Kg5 Ra5+ 65. Kh4 b2
66. Rxb2 Rxa6 67. f4 Ra5 68. Rb7+ Kh6 69. Rb6+ Kg7 70. f5 Ra7 71. Kg5 Kf7 72.
Rh6 Kg7 73. Rg6+ Kh7 74. Kh5 Kh8 75. Re6 Kg7 76. g5 1-0

[Event "FIDE World Senior Team Championship 2020"]
[Site "Olympik hotel, Sokolovska 138, Prague"]
[Date "2020.03.07"]
[Round "2.12.3"]
[White "Kradolfer, Georg"]
[Black "Stokes, Michael"]
[Result "1-0"]
[WhiteElo "1991"]
[BlackElo "2100"]
[PlyCount "65"]
[WhiteTeam "SUI"]
[BlackTeam "ENG1"]
[EventDate "2020.03.06"]

1. c4 c5 2. Nf3 Nf6 3. Nc3 d5 4. cxd5 Nxd5 5. g3 Nc6 6. Bg2 Nc7 7. O-O e5 8. a3
Be6 9. b4 f6 10. bxc5 Bxc5 11. Rb1 Rb8 12. Qa4 Bb6 13. d4 Bd7 14. dxe5 Nxe5 15.
Qc2 O-O 16. Rd1 Qe8 17. Bf4 Rc8 18. Nd4 Qh5 19. h4 Kh8 20. Bxb7 Bxd4 21. Rxd4
Ne6 22. Bxe5 Qxe5 23. Rxd7 Rxc3 24. Qd2 Rxa3 25. Bf3 Qf5 26. Rd1 Qa5 27. Qd6
Qa6 28. Qe7 Ra1 29. Rxa1 Qxa1+ 30. Kg2 Qe5 31. Bd5 Qxe2 32. Bxe6 Qe4+ 33. Kh2
1-0

[Event "FIDE World Senior Team Championship 2020"]
[Site "Olympik hotel, Sokolovska 138, Prague"]
[Date "2020.03.07"]
[Round "2.12.4"]
[White "Habershon, Paul F"]
[Black "Staechelin, Ruedi"]
[Result "1/2-1/2"]
[WhiteElo "1988"]
[BlackElo "1994"]
[PlyCount "73"]
[WhiteTeam "ENG1"]
[BlackTeam "SUI"]
[EventDate "2020.03.06"]

1. e4 e5 2. Nf3 Nc6 3. d4 exd4 4. Nxd4 g6 5. Be2 Bg7 6. Be3 d6 7. O-O Nf6 8.
Nc3 O-O 9. Qd2 Re8 10. f3 a6 11. Rad1 Bd7 12. Nb3 Qe7 13. Bg5 Qf8 14. Qf4 Nh5
15. Qh4 h6 16. Be3 Nf6 17. Bxh6 Bxh6 18. Qxf6 Bg7 19. Qh4 Bxc3 20. bxc3 Be6 21.
a4 Bd7 22. Nc5 Qe7 23. Qxe7 Rxe7 24. Nxd7 Rxd7 25. Rb1 b6 26. Rfd1 Re7 27. Bc4
Ne5 28. Bd5 Rd8 29. Bb7 a5 30. Ba6 Nd7 31. Bb5 Nc5 32. Rd5 Rf8 33. Kf2 Kg7 34.
Re1 f6 35. Bc6 Rh8 36. h3 Ne6 37. Rd2 1/2-1/2

[Event "FIDE World Senior Team Championship 2020"]
[Site "Olympik hotel, Sokolovska 138,"]
[Date "2020.03.07"]
[Round "2.13"]
[White "Mojzis, Jaroslav"]
[Black "Jamieson, Peter M"]
[Result "1-0"]
[WhiteElo "2074"]
[BlackElo "2220"]
[PlyCount "121"]
[EventDate "2020.03.06"]
[WhiteTeam "CZE5"]
[BlackTeam "SCO"]

1. d4 g6 2. Nf3 Bg7 3. g3 d6 4. Bg2 Nd7 5. O-O c6 6. c4 Ngf6 7. Nc3 O-O 8. e4
e5 9. h3 a5 10. Be3 exd4 11. Nxd4 Nc5 12. Qc2 Re8 13. Rfe1 a4 14. Rad1 Qa5 15.
Bf4 Ne6 16. Nxe6 Bxe6 17. Bxd6 Bxc4 18. e5 Nd5 19. Nxd5 Bxd5 20. Bxd5 cxd5 21.
Qd2 Qb5 22. Qxd5 Qxb2 23. Rb1 Qc2 24. Rxb7 Qf5 25. Re3 Qe6 26. Qxe6 Rxe6 27. f4
Rxd6 28. exd6 Bd4 29. Kf2 Rd8 30. d7 Kf8 31. Kf3 Bxe3 32. Kxe3 Ke7 33. Kd4 Kd6
34. Ra7 Kc6 35. Ke5 Kb6 36. Rxa4 Rxd7 37. Kf6 Rd3 38. Rb4+ Kc5 39. Rb3 Rd7 40.
Re3 Ra7 41. Re7 Rxa2 42. Rxf7 Ra3 43. Rxh7 Rxg3 44. Rh4 Kd6 45. Rg4 Rxh3 46.
Rxg6 Kd7 47. f5 Ke8 48. Rg8+ Kd7 49. Kf7 Rf3 50. f6 Rf1 51. Ra8 Rf2 52. Ra1 Kd6
53. Re1 Rf3 54. Kg7 Rg3+ 55. Kf8 Kd7 56. f7 Rd3 57. Re7+ Kd8 58. Re8+ Kd7 59.
Kg7 Rg3+ 60. Kh6 Rh3+ 61. Kg5 1-0

[Event "FIDE World Senior Team Championship 2020"]
[Site "Olympik hotel, Sokolovska 138,"]
[Date "2020.03.07"]
[Round "2.13"]
[White "White, Alastair F"]
[Black "Navratil, Frantisek"]
[Result "1/2-1/2"]
[WhiteElo "2052"]
[BlackElo "2124"]
[PlyCount "31"]
[EventDate "2020.03.06"]
[WhiteTeam "SCO"]
[BlackTeam "CZE5"]

1. e4 c5 2. Nf3 e6 3. d4 cxd4 4. Nxd4 a6 5. Bd3 b5 6. O-O Bb7 7. a4 b4 8. Nd2
d5 9. e5 Qc7 10. N2f3 g6 11. Re1 Nc6 12. Bf4 Nxd4 13. Nxd4 Ne7 14. Rc1 Qd7 15.
b3 Nc6 16. Nxc6 1/2-1/2

[Event "FIDE World Senior Team Championship 2020"]
[Site "Olympik hotel, Sokolovska 138,"]
[Date "2020.03.07"]
[Round "2.13"]
[White "Trojan, Lubos"]
[Black "Scrimgour, Alan"]
[Result "1-0"]
[WhiteElo "1928"]
[BlackElo "2059"]
[PlyCount "89"]
[EventDate "2020.03.06"]
[WhiteTeam "CZE5"]
[BlackTeam "SCO"]

1. d4 Nf6 2. Nf3 e6 3. Bf4 c5 4. c3 d5 5. e3 Be7 6. Nbd2 O-O 7. Bd3 b6 8. Ne5
Bb7 9. Qf3 Nbd7 10. Qh3 g6 11. Bh6 Re8 12. f4 Ne4 13. Ndf3 f5 14. g4 Nxe5 15.
fxe5 Bf8 16. Rg1 fxg4 17. Rxg4 Bxh6 18. Qxh6 Qe7 19. Bxe4 dxe4 20. Ng5 Qg7 21.
Qxg7+ Kxg7 22. h4 h6 23. Nh3 Kh7 24. O-O-O Re7 25. Rdg1 Rg8 26. Nf4 Bd5 27. Nh5
gxh5 28. Rxg8 Bxa2 29. Kd2 Rf7 30. R1g2 Bc4 31. Kc2 Bf1 32. Rg1 c4 33. Kb1 Bh3
34. Rc8 Bg4 35. Rxc4 Rf3 36. Re1 Rh3 37. Rc7+ Kg6 38. c4 Rxh4 39. Rf1 Bf3 40.
d5 exd5 41. cxd5 Kf5 42. e6 Rg4 43. Rf7+ Ke5 44. e7 Rg8 45. Rf8 1-0